Promovem un espai públic de qualitat : Àrea d'Infraestructures, Urbanisme i Habitatge Àrea d'Infraestructures, Urbanisme i Habitatge
Publicado:
Barcelona :
Diputació de Barcelona. Àrea d'Infraestructures, Urbanisme i Habitatge ,
2009
Descripción Física:
[10] p. ; 21 cm
MARC
| LEADER | 00000nam a2200000Ia 4500 | ||
|---|---|---|---|
| 001 | 22164 | ||
| 008 | 160829s2009 xx 000 0 cat d | ||
| 080 | |a FU-49-74 | ||
| 245 | |a Promovem un espai públic de qualitat : |b Àrea d'Infraestructures, Urbanisme i Habitatge | ||
| 260 | |a Barcelona : |b Diputació de Barcelona. Àrea d'Infraestructures, Urbanisme i Habitatge, |c 2009 | ||
| 300 | |a [10] p. ; |c 21 cm | ||
| 590 | |a Octubre 2009. | ||
| 590 | |a A la coberta: Més serveis per als ajuntaments, més benestar per a la ciutadania | ||
| 650 | 0 | |a Urbanisme |z Barcelona (Catalunya : Província) |9 18405 | |
| 650 | |a Barcelona. Diputació. Àrea d'Infraestructures, Urbanisme i Habitatge | ||
| 710 | |a Barcelona (Catalunya : Província). |b Àrea d'Infraestructures, Urbanisme i Habitatge |9 13533 | ||
| 901 | |a Arxiu | ||
| 942 | |n 1 | ||
| 952 | |0 0 |1 0 |4 0 |6 FU4974 |7 1 |9 50145 |a Arxiu |b Arxiu |d 2016-12-01 |l 0 |o FU-49-74 |p 22164 |r 2016-12-01 00:00:00 |w 2016-12-01 |y ARXIU | ||
| 999 | |c 53987 |d 53987 | ||